[Event "Dundee & Angus Open"]
[Site "?"]
[Date "2016.10.09"]
[Round "4"]
[White "Shafi, Declan"]
[Black "Romilly, Peter"]
[Result "0-1"]
[WhiteElo "1886"]
[BlackElo "2033"]
[PlyCount "75"]
[WhiteTeam "Scotland"]
[BlackTeam "Germany 2"]

1. d4 Nf6 2. c4 e6 3. Nc3 Bb4 4. Qc2 Nc6 5. Nf3 d5 6. a3 Bxc3+ 7. bxc3 Ne4 8.
e3 O-O 9. Bd3 f5 10. O-O Rf6 11. cxd5 exd5 12. c4 Be6 13. Nd2 Rh6 14. cxd5 Bxd5
15. Nxe4 Qh4 16. h3 fxe4 17. Bc4 Ne7 18. a4 c6 19. Ba3 Rd8 20. Rab1 b6 21.
Bxd5+ Nxd5 22. a5 b5 23. Qc5 Rg6 24. Kh1 Qg5 25. Rg1 Rf6 26. Rb2 Rd7 27. a6
Rdf7 28. Rf1 Qh4 29. Re2 h6 30. Kh2 Qh5 31. Ree1 Qg6 32. Re2 Kh7 33. g3 Rf3 34.
Kg2 Qh5 35. Kh2 Rxg3 36. Kxg3 Qxe2 37. Qc1 Rf3+ 38. Kg2 0-1

[Event "Dundee & Angus Open"]
[Site "?"]
[Date "2016.10.09"]
[Round "4"]
[White "IM Greet, Andrew"]
[Black "MacQueen, Calum"]
[Result "1-0"]
[WhiteElo "2465"]
[BlackElo "2331"]
[PlyCount "83"]
[WhiteTeam "Scotland"]
[BlackTeam "Germany 2"]

1. Nf3 Nf6 2. c4 d6 3. d4 g6 4. g3 Bg7 5. Bg2 O-O 6. O-O Nc6 7. Nc3 Rb8 8. Bf4
a6 9. Rc1 Re8 10. Qd2 Bg4 11. d5 Na5 12. b3 c5 13. dxc6 bxc6 14. Rfd1 c5 15. h3
Bf5 16. Ne1 Qc8 17. Kh2 Nc6 18. Nc2 h5 19. Ne3 Bd7 20. Ned5 h4 21. g4 Nh7 22.
Kh1 f5 23. Na4 Qd8 24. gxf5 Bxf5 25. Ne3 Nd4 26. Nxf5 Nxf5 27. Bc6 Rf8 28. Rg1
Qc8 29. Bd5+ e6 30. Be4 e5 31. Bh2 Nf6 32. Nc3 Qe6 33. Qd3 Kh8 34. Rg2 Bh6 35.
Rcg1 Rg8 36. e3 Rg7 37. Bd5 Nxd5 38. Qxd5 Qxd5 39. Nxd5 Rf8 40. Rxg6 Ng3+ 41.
R1xg3 hxg3 42. Rxh6+ 1-0

[Event "Dundee & Angus Open"]
[Site "?"]
[Date "2016.10.09"]
[Round "4"]
[White "Robertson, Jim"]
[Black "Dawson, Alastair"]
[Result "0-1"]
[WhiteElo "1524"]
[BlackElo "1807"]
[PlyCount "86"]
[WhiteTeam "Scotland"]
[BlackTeam "Germany 2"]

1. d4 d6 2. e3 Nf6 3. f4 g6 4. Nf3 Bg7 5. Bc4 O-O 6. O-O b6 7. c3 Bb7 8. Qb3 d5
9. Bd3 Nbd7 10. Ng5 c5 11. Qd1 Ne4 12. Bxe4 dxe4 13. Nd2 cxd4 14. exd4 Nf6 15.
Re1 Qd5 16. Qe2 e3 17. Ndf3 h6 18. Nh3 Ng4 19. Bxe3 Nxe3 20. Qxe3 e6 21. Nf2
Rfe8 22. Nd3 Kh7 23. Re2 Rac8 24. Nb4 Qd6 25. Ne5 f6 26. Ned3 a5 27. Nc2 Qd5
28. Qh3 Bc6 29. Re3 Bb5 30. Rg3 Bd7 31. Qg4 g5 32. Qh5 Re7 33. fxg5 fxg5 34.
Ne3 Qe4 35. Nf2 Qg6 36. Qxg6+ Kxg6 37. h4 e5 38. hxg5 hxg5 39. Ne4 exd4 40.
Rxg5+ Kh7 41. Rxg7+ Kxg7 42. Nd6 dxe3 43. Nxc8 Bxc8 0-1

[Event "Dundee & Angus Open"]
[Site "?"]
[Date "2016.10.09"]
[Round "4"]
[White "White, Stuart"]
[Black "Abdulla, Murad"]
[Result "1-0"]
[WhiteElo "1940"]
[BlackElo "2045"]
[PlyCount "81"]
[WhiteTeam "Scotland"]
[BlackTeam "Germany 2"]

1. e4 c5 2. Nf3 d6 3. d4 cxd4 4. Nxd4 Nf6 5. Nc3 g6 6. Be3 Bg7 7. f3 Nc6 8. Qd2
O-O 9. O-O-O d5 10. exd5 Nxd5 11. Nxc6 bxc6 12. Bd4 Bxd4 13. Qxd4 Qb6 14. Na4
Qa5 15. b3 Be6 16. Qe5 Qb4 17. c4 Nf6 18. Bd3 Rfd8 19. h4 Rab8 20. Qc5 Nd7 21.
Qxb4 Rxb4 22. Be4 Rc8 23. Bc2 f5 24. h5 Kg7 25. hxg6 hxg6 26. f4 Rb7 27. Rd3
Kf6 28. Bd1 c5 29. Bf3 Rbc7 30. Nc3 a6 31. Bd5 Nb6 32. Bxe6 Kxe6 33. Kc2 Kf6
34. Rh7 e6 35. Rxc7 Rxc7 36. Rd6 Rb7 37. Rc6 g5 38. fxg5+ Kxg5 39. Rxe6 Kg4 40.
Rg6+ Kf4 41. Ne2+ 1-0

[Event "Dundee & Angus Open"]
[Site "?"]
[Date "2016.10.09"]
[Round "5"]
[White "Will, Douglas"]
[Black "Mitchell, Jeremy"]
[Result "0-1"]
[WhiteElo "1913"]
[BlackElo "1831"]
[PlyCount "48"]
[WhiteTeam "Scotland"]
[BlackTeam "Germany 2"]

1. e4 c6 2. d4 d5 3. Nc3 dxe4 4. f3 e5 5. Be3 exf3 6. Nxf3 Bg4 7. Bc4 Nd7 8.
O-O f6 9. dxe5 Bxf3 10. Qxf3 Nxe5 11. Qh5+ g6 12. Qxe5+ fxe5 13. Bf7+ Kd7 14.
Rad1+ Kc7 15. Rxd8 Rxd8 16. Bxa7 Nh6 17. Be6 Re8 18. Bh3 Ra8 19. Be3 Bg7 20.
Bg5 Rhf8 21. Rd1 Nf5 22. g4 Nd4 23. Be7 Rf7 24. Ba3 Rd8 0-1

[Event "Dundee & Angus Open"]
[Site "?"]
[Date "2016.10.09"]
[Round "5"]
[White "McCusker, Andrew"]
[Black "Berera, Siddharth"]
[Result "0-1"]
[WhiteElo "1710"]
[BlackElo "1650"]
[PlyCount "76"]
[WhiteTeam "Scotland"]
[BlackTeam "Germany 2"]

1. c4 c5 2. g3 Nc6 3. Bg2 g6 4. Nc3 Bg7 5. d3 e6 6. e4 Nge7 7. Nge2 d6 8. Be3
a6 9. Qd2 Nd4 10. Bh6 Bxh6 11. Qxh6 Nc2+ 12. Kd2 Nxa1 13. Rxa1 Kd7 14. e5 Nf5
15. Qf4 f6 16. exf6 Qxf6 17. g4 e5 18. Qf3 Qg5+ 19. Kc2 Ne7 20. Ne4 Qh6 21. g5
Qg7 22. Nf6+ Kc7 23. Nc3 Rb8 24. Ncd5+ Nxd5 25. Nxd5+ Kd8 26. Bh3 Bxh3 27. Qxh3
Qf7 28. Qg3 b5 29. b3 bxc4 30. dxc4 Qf5+ 31. Kc3 Rf8 32. Nf6 h6 33. h4 hxg5 34.
hxg5 Rh8 35. Qg2 Rh3+ 36. Kb2 Rf3 37. Ka3 Qd3 38. Rh1 Rxb3+ 0-1

[Event "Dundee & Angus Open"]
[Site "?"]
[Date "2016.10.09"]
[Round "5"]
[White "Wiltshir, Rich"]
[Black "Rutherford, Kathleen"]
[Result "1-0"]
[WhiteElo "1635"]
[BlackElo "1540"]
[PlyCount "57"]
[WhiteTeam "Scotland"]
[BlackTeam "Germany 2"]

1. Nc3 e5 2. e4 Nc6 3. Nf3 Bb4 4. Nd5 Bc5 5. a3 Nf6 6. b4 Bd6 7. Nxf6+ Qxf6 8.
Bc4 Nd4 9. d3 Nxf3+ 10. Qxf3 Qxf3 11. gxf3 Be7 12. Bb2 d6 13. Ke2 c6 14. Rag1
g6 15. f4 f6 16. fxe5 dxe5 17. h4 c5 18. b5 Bd7 19. a4 O-O-O 20. Bc3 b6 21. Bd2
Kc7 22. Ra1 f5 23. a5 fxe4 24. axb6+ axb6 25. Ra7+ Kd6 26. dxe4 Ra8 27. Rb7 Bd8
28. Bc3 Re8 29. Rd1+ 1-0

[Event "Dundee & Angus Open"]
[Site "?"]
[Date "2016.10.09"]
[Round "5"]
[White "James, Chris"]
[Black "Neave, George"]
[Result "0-1"]
[WhiteElo "1861"]
[BlackElo "2176"]
[PlyCount "73"]
[WhiteTeam "Scotland"]
[BlackTeam "Germany 2"]

1. e4 e5 2. f4 exf4 3. Bc4 Nf6 4. Nc3 c6 5. d4 d5 6. exd5 cxd5 7. Bb5+ Nc6 8.
Bxf4 Bb4 9. Nge2 O-O 10. O-O Bg4 11. Bg5 Be7 12. Bxc6 bxc6 13. Qd3 h6 14. Bh4
Bxe2 15. Nxe2 Ne4 16. Bxe7 Qxe7 17. Ng3 Nxg3 18. Qxg3 Qb4 19. Qc3 Rab8 20. Rab1
Qxc3 21. bxc3 Rb6 22. Rb3 Re8 23. Kf2 f5 24. Re1 Rxe1 25. Kxe1 Kf7 26. Ke2 Ke6
27. Kd3 g5 28. c4 f4 29. cxd5+ cxd5 30. Rxb6+ axb6 31. c4 dxc4+ 32. Kxc4 g4 33.
Kd3 Kd5 34. h4 h5 35. a4 g3 36. Ke2 Kxd4 37. Kf3 0-1

[Event "Dundee & Angus Open"]
[Site "?"]
[Date "2016.10.09"]
[Round "5"]
[White "Spencer, Ed"]
[Black "Robinson, Stephen"]
[Result "1-0"]
[WhiteElo "2040"]
[BlackElo "1866"]
[PlyCount "63"]
[WhiteTeam "Scotland"]
[BlackTeam "Germany 2"]

1. e4 e6 2. Nf3 d5 3. e5 c5 4. b4 cxb4 5. a3 Nc6 6. axb4 Qc7 7. d4 Bxb4+ 8. c3
Be7 9. Bd3 Bd7 10. O-O a6 11. Ng5 Bxg5 12. Bxg5 h6 13. Bc1 Nge7 14. Ba3 b5 15.
Bd6 Qb7 16. Nd2 Nc8 17. Bc5 Nb6 18. Qg4 O-O-O 19. Rfb1 Nc4 20. Bxc4 f5 21. Qe2
dxc4 22. Nxc4 Be8 23. Qa2 Kd7 24. Nb6+ Kc7 25. Qxe6 Qxb6 26. Bxb6+ Kxb6 27. d5
Bd7 28. Qd6 Be8 29. Rxa6+ Kxa6 30. Qc7 b4 31. dxc6 Rd5 32. Qb7+ 1-0

[Event "Dundee & Angus Open"]
[Site "?"]
[Date "2016.10.09"]
[Round "5"]
[White "Abdull, Murad"]
[Black "Borwell, Alan"]
[Result "1/2-1/2"]
[WhiteElo "2045"]
[BlackElo "1907"]
[PlyCount "56"]
[WhiteTeam "Scotland"]
[BlackTeam "Germany 2"]

1. Nf3 Nf6 2. b3 b6 3. Bb2 e6 4. g3 Bb7 5. Bg2 Be7 6. O-O O-O 7. d3 d6 8. e4
Nbd7 9. Nbd2 c5 10. Qe2 Qc7 11. Ne1 Ne8 12. f4 Bf6 13. c3 g6 14. Nef3 Ng7 15.
Qf2 d5 16. e5 Be7 17. c4 f6 18. Rfe1 d4 19. exf6 Bxf6 20. Ne4 Rae8 21. Nxf6+
Nxf6 22. Ne5 Nf5 23. Bc1 Nd7 24. Bd2 Ne3 25. Nxd7 Nxg2 26. Nxf8 Nxe1 27. Rxe1
Qc6 28. Kf1 Rxf8 $11 1/2-1/2

[Event "Dundee & Angus Open"]
[Site "?"]
[Date "2016.10.09"]
[Round "5"]
[White "Pasha, Tariq"]
[Black "Mooney, Graham"]
[Result "1/2-1/2"]
[WhiteElo "1739"]
[BlackElo "1888"]
[PlyCount "48"]
[WhiteTeam "Scotland"]
[BlackTeam "Germany 2"]

1. d4 d6 2. Nf3 g6 3. c4 Bg7 4. Nc3 Nf6 5. e4 O-O 6. Be2 Nbd7 7. h3 e5 8. d5
Nc5 9. Qc2 a5 10. Be3 Na6 11. a3 c5 12. Qd2 Bd7 13. Bh6 Nc7 14. Qg5 Nh5 15.
Bxg7 Qxg5 16. Nxg5 Kxg7 17. Bxh5 gxh5 18. Nf3 f5 19. Nd2 b5 20. exf5 Rxf5 21.
Nde4 Ra6 22. cxb5 Nxb5 23. Nxb5 Bxb5 24. Ng3 Rg5 1/2-1/2

[Event "Dundee & Angus Open"]
[Site "?"]
[Date "2016.10.09"]
[Round "5"]
[White "Newton, Andrew"]
[Black "Ridge, Mike"]
[Result "1/2-1/2"]
[WhiteElo "1912"]
[BlackElo "1837"]
[PlyCount "66"]
[WhiteTeam "Scotland"]
[BlackTeam "Germany 2"]

1. d4 Nf6 2. c4 g6 3. d5 Bg7 4. Nc3 d6 5. e4 O-O 6. Nge2 c6 7. Ng3 e6 8. h4
exd5 9. cxd5 cxd5 10. exd5 Qa5 11. Qd2 Re8+ 12. Be2 Na6 13. O-O Nc5 14. Rb1 Qb4
15. Qf4 Qxf4 16. Bxf4 Nfe4 17. Ncxe4 Nxe4 18. Bb5 Nxg3 19. Bxg3 Rd8 20. b3 Bf5
21. Rbc1 a6 22. Be2 Bf8 23. Rc7 Be4 24. Rd1 Rac8 25. Rxb7 Rc2 26. Bxa6 Rxa2 27.
Bc4 Rda8 28. b4 Rb2 29. Re1 Bc2 30. Rb6 Ra4 31. Bxd6 Bxd6 32. Rxd6 Rbxb4 33.
Bf1 Rxh4 $11 1/2-1/2

[Event "Dundee & Angus Open"]
[Site "?"]
[Date "2016.10.09"]
[Round "5"]
[White "Smith, Callum"]
[Black "Shafi, Declan"]
[Result "0-1"]
[WhiteElo "1565"]
[BlackElo "1886"]
[PlyCount "62"]
[WhiteTeam "Scotland"]
[BlackTeam "Germany 2"]

1. e4 e5 2. Nf3 Nc6 3. d4 exd4 4. Nxd4 Nf6 5. Nc3 Bb4 6. Nxc6 bxc6 7. Bd3 d5 8.
exd5 cxd5 9. O-O O-O 10. Bg5 c6 11. h3 Bd6 12. Re1 Rb8 13. Rb1 h6 14. Bd2 Qc7
15. Qf3 Nd7 16. Qf5 g6 17. Qf3 Ne5 18. Qf6 Nxd3 19. cxd3 Kh7 20. Bf4 Bxf4 21.
Re7 Bh2+ 22. Kh1 Qf4 23. Qxc6 Qd6 24. Qxd6 Bxd6 25. Rxa7 Be6 26. a3 Rb3 27. a4
Be5 28. Nd1 Rfb8 29. a5 Bxb2 30. Nxb2 Rxb2 31. Ra1 Rb1+ 0-1

[Event "Dundee & Angus Open"]
[Site "?"]
[Date "2016.10.09"]
[Round "5"]
[White "WFM Bamber, Elaine"]
[Black "IM Greet, Andrew"]
[Result "0-1"]
[WhiteElo "2465"]
[BlackElo "2093"]
[PlyCount "90"]
[WhiteTeam "Scotland"]
[BlackTeam "Germany 2"]

1. e4 e6 2. b3 d5 3. Bb2 dxe4 4. Nc3 Nf6 5. Qe2 Bb4 6. O-O-O Qe7 7. Nxe4 Nbd7
8. Nf3 Ba3 9. Nxf6+ Nxf6 10. Ne5 O-O 11. d4 a5 12. c4 a4 13. Bxa3 Qxa3+ 14. Qb2
axb3 15. axb3 Ne4 16. Nd3 Rd8 17. Qxa3 Rxa3 18. Kb2 Ra6 19. f3 Ra2+ 20. Kxa2
Nc3+ 21. Kb2 Nxd1+ 22. Kc2 Ne3+ 23. Kc3 Nf5 24. Nf2 Nxd4 25. Bd3 f5 26. Ra1 Kf7
27. Ra8 Nc6 28. Bc2 b6 29. b4 Bb7 30. Rxd8 Nxd8 31. b5 Kf6 32. Nd3 e5 33. Nb4
g6 34. Kd2 Ne6 35. Na6 c5 36. Ke3 Ke7 37. h4 Nd4 38. Bd3 h5 39. Bb1 Kd6 40. Bd3
f4+ 41. Kf2 Nf5 42. Bxf5 gxf5 43. Nb8 Kc7 44. Na6+ Bxa6 45. bxa6 Kb8 0-1

[Event "Dundee & Angus Open"]
[Site "?"]
[Date "2016.10.09"]
[Round "5"]
[White "Romilly, Peter"]
[Black "White, Stuart"]
[Result "1-0"]
[WhiteElo "2033"]
[BlackElo "1906"]
[PlyCount "63"]
[WhiteTeam "Scotland"]
[BlackTeam "Germany 2"]

1. e4 c5 2. Nf3 d6 3. d4 cxd4 4. Nxd4 Nf6 5. Nc3 g6 6. Be3 Bg7 7. f3 O-O 8. Qd2
Nc6 9. Bc4 Bd7 10. h4 h5 11. O-O-O Rc8 12. Bb3 Ne5 13. g4 Nc4 14. Bxc4 Rxc4 15.
gxh5 Nxh5 16. Nde2 Qa5 17. Bh6 Be6 18. Bxg7 Kxg7 19. Rdg1 Rc5 20. a3 d5 21. Rg5
f6 22. Nd4 fxg5 23. Nxe6+ Kf7 24. Nxf8 Kxf8 25. exd5 b5 26. hxg5 b4 27. axb4
Qxb4 28. d6 exd6 29. Qxd6+ Kg7 30. Ne4 Rb5 31. Qxb4 Rxb4 32. Rd1 1-0

[Event "Dundee & Angus Open"]
[Site "?"]
[Date "2016.10.09"]
[Round "5"]
[White "Kosznik, Dariusz"]
[Black "Milton, Carl"]
[Result "1-0"]
[WhiteElo "1718"]
[BlackElo "1743"]
[PlyCount "59"]
[WhiteTeam "Scotland"]
[BlackTeam "Germany 2"]

1. d4 d5 2. Nf3 Nf6 3. e3 Bf5 4. c4 c6 5. Nc3 e6 6. Qb3 Qb6 7. c5 Qc7 8. Be2
Nbd7 9. Nh4 Bg4 10. f3 Bh5 11. g4 Bg6 12. f4 Be4 13. O-O Be7 14. g5 Ng8 15.
Nxe4 dxe4 16. f5 O-O-O 17. fxe6 fxe6 18. Qxe6 Bxg5 19. Nf5 Nh6 20. Nd6+ Kb8 21.
Bd2 Rhf8 22. b4 Rf6 23. Rxf6 gxf6 24. b5 b6 25. bxc6 Qxc6 26. Bb5 Qc7 27. Rc1
bxc5 28. Bxd7 Rxd7 29. Rb1+ Ka8 30. Qxe4+ 1-0

[Event "Dundee & Angus Open"]
[Site "?"]
[Date "2016.10.09"]
[Round "5"]
[White "Marks, Ian"]
[Black "Sykes, Chris"]
[Result "1-0"]
[WhiteElo "1900"]
[BlackElo "1808"]
[PlyCount "99"]
[WhiteTeam "Scotland"]
[BlackTeam "Germany 2"]

1. d4 d5 2. c4 e6 3. Nf3 Nf6 4. Nc3 c6 5. Bg5 Be7 6. e3 h6 7. Bh4 Ne4 8. Bxe7
Qxe7 9. Rc1 Nxc3 10. Rxc3 O-O 11. Be2 dxc4 12. Rxc4 Nd7 13. O-O e5 14. dxe5
Nxe5 15. Re4 Nxf3+ 16. Bxf3 Be6 17. Qa4 Rfd8 18. Bg4 Rd6 19. Rd1 b5 20. Qc2
Bxg4 21. Rxg4 Rad8 22. Rxd6 Rxd6 23. h3 Qd7 24. Qc3 f5 25. Rd4 Rxd4 26. exd4
Qd5 27. b3 Kf7 28. Kf1 Ke6 29. a3 g5 30. Qe3+ Kd6 31. f4 gxf4 32. Qxf4+ Ke7 33.
Qe3+ Qe6 34. Ke2 h5 35. g3 Qxe3+ 36. Kxe3 a6 37. Kf4 Kf6 38. b4 Kg6 39. Ke5 Kg5
40. Kd6 h4 41. gxh4+ Kxh4 42. Ke5 Kxh3 43. Kxf5 Kg3 44. Ke4 Kf2 45. d5 cxd5+
46. Kxd5 Ke3 47. Kc5 Ke4 48. Kb6 Kd5 49. Kxa6 Kc6 50. Ka5 1-0

[Event "Dundee & Angus Open"]
[Site "?"]
[Date "2016.10.09"]
[Round "5"]
[White "Sheerin, Alex"]
[Black "Robertson, Jim"]
[Result "1-0"]
[WhiteElo "1524"]
[BlackElo "1681"]
[PlyCount "145"]
[WhiteTeam "Scotland"]
[BlackTeam "Germany 2"]

1. e4 c6 2. d4 d5 3. Nc3 dxe4 4. Nxe4 Bf5 5. Ng3 Bg6 6. h4 h6 7. h5 Bh7 8. Nf3
Nd7 9. Bd3 Bxd3 10. Qxd3 e6 11. Bd2 Ngf6 12. O-O-O Qc7 13. Kb1 O-O-O 14. c4 c5
15. Qc2 Bd6 16. Ne2 cxd4 17. Nexd4 a6 18. Nb3 Kb8 19. Ba5 b6 20. Bc3 e5 21. Qe2
Kb7 22. c5 bxc5 23. Na5+ Ka7 24. Nc4 Nb8 25. Ba5 Qe7 26. Bb6+ Kb7 27. Bxd8 Rxd8
28. Nxd6+ Rxd6 29. Rxd6 Qxd6 30. Rd1 Qe6 31. Qxe5 Qc6 32. Qe7+ Nbd7 33. Ne5
Qe4+ 34. Ka1 Qxe5 35. Rxd7+ Nxd7 36. Qxd7+ Qc7 37. Qd5+ Ka7 38. a3 Qe7 39. Qc4
Qe1+ 40. Ka2 Qe6 41. Qxe6 fxe6 42. Kb3 Kb6 43. Kc4 Kc6 44. f4 Kd6 45. b3 Kc6
46. g3 Kd6 47. b4 cxb4 48. Kxb4 Kc6 49. Kc4 Kd6 50. Kd4 Ke7 51. Kc5 Kf6 52. Kb6
Kf5 53. Kxa6 Kg4 54. Kb7 Kxg3 55. a4 Kxf4 56. a5 Kg5 57. a6 Kxh5 58. a7 g5 59.
a8=Q Kh4 60. Kb6 h5 61. Qh1+ Kg4 62. Qg2+ Kf4 63. Qh2+ Kg4 64. Qe2+ Kh4 65.
Qxe6 g4 66. Qe1+ g3 67. Kc5 Kg4 68. Kd4 g2 69. Ke4 h4 70. Qf2 h3 71. Qf4+ Kh5
72. Qh2 Kg4 73. Ke3 1-0

[Event "Dundee & Angus Open"]
[Site "?"]
[Date "2016.10.09"]
[Round "5"]
[White "Dawson, Alastair"]
[Black "D'Costa, Leston"]
[Result "1-0"]
[WhiteElo "1807"]
[BlackElo "1628"]
[PlyCount "75"]
[WhiteTeam "Scotland"]
[BlackTeam "Germany 2"]

1. Nf3 f5 2. g3 e6 3. Bg2 Nf6 4. O-O d5 5. d3 Bd6 6. Nbd2 O-O 7. e4 Nbd7 8. Qe2
Ng4 9. h3 dxe4 10. dxe4 Nge5 11. Kh2 f4 12. g4 Qf6 13. Nxe5 Nxe5 14. f3 Qh4 15.
Qf2 Nxg4+ 16. fxg4 f3+ 17. Kg1 Qxf2+ 18. Rxf2 Bc5 19. Nxf3 Bd7 20. b4 Bb6 21.
c4 Bxf2+ 22. Kxf2 Bc6 23. Ke3 Ba4 24. Bb2 Rad8 25. Ng5 Rfe8 26. e5 Bc2 27. Bf1
h6 28. Nf3 Kf7 29. Nd4 Ba4 30. Bd3 a6 31. Rf1+ Ke7 32. c5 Rd5 33. Ke4 Red8 34.
Bc4 R5d7 35. Nxe6 Bc6+ 36. Ke3 Rg8 37. Nf4 Rgd8 38. Ng6+ 1-0

[Event "Dundee & Angus Open"]
[Site "?"]
[Date "2016.10.09"]
[Round "5"]
[White "MacQueen, Calum"]
[Black "Koehn, Lennart"]
[Result "1/2-1/2"]
[WhiteElo "2331"]
[BlackElo "1968"]
[PlyCount "71"]
[WhiteTeam "Scotland"]
[BlackTeam "Germany 2"]

1. d4 Nf6 2. c4 c5 3. d5 e5 4. Nc3 d6 5. e4 Be7 6. g3 O-O 7. Bg2 Ne8 8. Nge2 g6
9. Bh6 Ng7 10. Qd2 Nd7 11. O-O Nf6 12. h3 Kh8 13. Rae1 Ng8 14. Be3 f5 15. f4
Nf6 16. fxe5 dxe5 17. Kh2 h5 18. Bh6 Nh7 19. Qe3 h4 20. Bxg7+ Kxg7 21. exf5
Bxf5 22. g4 Bg5 23. Qxc5 Bd3 24. d6 Rc8 25. Qxe5+ Bf6 26. Qd5 Bxc4 27. Qxb7+
Rf7 28. Qb4 Be5+ 29. Kh1 Rxf1+ 30. Bxf1 Bxd6 31. Qb7+ Rc7 32. Qe4 Qf6 33. Bg2
Ng5 34. Qd4 Be5 35. Qe3 Bd6 36. Qd4 $11 1/2-1/2

[Event "Dundee & Angus Open"]
[Site "?"]
[Date "2016.10.09"]
[Round "5"]
[White "Cooke, Mark"]
[Black "Doyle, Jim"]
[Result "1-0"]
[WhiteElo "1949"]
[BlackElo "1787"]
[PlyCount "91"]
[WhiteTeam "Scotland"]
[BlackTeam "Germany 2"]

1. d4 Nf6 2. Bg5 c6 3. Bxf6 gxf6 4. e3 d5 5. Bd3 e5 6. c3 e4 7. Bc2 Be6 8. Ne2
Bd6 9. Nd2 f5 10. g3 h5 11. h4 Nd7 12. Bb3 Nf6 13. c4 Ng4 14. cxd5 cxd5 15.
Ba4+ Kf8 16. Rc1 Rg8 17. a3 Qb8 18. Nf4 Bxf4 19. gxf4 Kg7 20. Rc3 b5 21. Bc2 a5
22. Rc5 b4 23. a4 Rc8 24. Nb3 Rxc5 25. Nxc5 Qb6 26. Qd2 Kh6 27. Bd1 Rg8 28. Be2
Nf6 29. Kf1 Ng4 30. Bb5 Nf6 31. Qe2 Ng4 32. Ba6 Rb8 33. Bb5 Nf6 34. Ke1 Rg8 35.
Kd2 Ng4 36. Qe1 Qd8 37. Bf1 Nf6 38. Qe2 Ng4 39. Ke1 Nf6 40. Qa6 Bc8 41. Qc6 Rg6
42. Qa8 Qc7 43. Bb5 Rg8 44. Qc6 Qxc6 45. Bxc6 Rg6 46. Bb5 {
Remaining moves illegible} 1-0

[Event "Dundee & Angus Open"]
[Site "?"]
[Date "2016.10.09"]
[Round "5"]
[White "Dabos-Doukas, Ioannis"]
[Black "Connolly Sams, Lukah"]
[Result "1-0"]
[WhiteElo "1786"]
[BlackElo "1476"]
[PlyCount "61"]
[WhiteTeam "Scotland"]
[BlackTeam "Germany 2"]

1. d4 d5 2. Bf4 Nf6 3. e3 c5 4. Nc3 a6 5. dxc5 e6 6. Na4 Bxc5 7. Nxc5 Qa5+ 8.
c3 Qxc5 9. Bd3 Nc6 10. Nf3 O-O 11. O-O Re8 12. Ne5 b5 13. Qf3 Nxe5 14. Bxe5 Nd7
15. Qh5 Nxe5 16. Bxh7+ Kf8 17. Qxe5 Bd7 18. Bd3 Qc6 19. e4 f6 20. Qf4 e5 21.
exd5 Qc8 22. Qb4+ Kf7 23. c4 Rh8 24. cxb5 Bh3 25. Qc4 Qd7 26. Qc6 Qg4 27. Qe6+
Qxe6 28. dxe6+ Bxe6 29. bxa6 Rad8 30. Rfd1 Rb8 31. b3 1-0

[Event "Dundee & Angus Open"]
[Site "?"]
[Date "2016.10.09"]
[Round "5"]
[White "Hamilton, Douglas"]
[Black "Bucher, Goetz"]
[Result "1/2-1/2"]
[WhiteElo "1917"]
[BlackElo "1887"]
[PlyCount "96"]
[WhiteTeam "Scotland"]
[BlackTeam "Germany 2"]

1. c4 Nf6 2. g3 c5 3. Bg2 Nc6 4. Nc3 e6 5. e3 d5 6. b3 d4 7. exd4 cxd4 8. Nce2
e5 9. d3 Bf5 10. a3 a5 11. Nf3 h6 12. h3 Bc5 13. g4 Bh7 14. Ng3 O-O 15. g5 e4
16. gxf6 exf3 17. Bxf3 Re8+ 18. Kf1 Qxf6 19. Ne4 Bxe4 20. Bxe4 Rxe4 21. dxe4 d3
22. Ra2 Rd8 23. Rg1 Nd4 24. Qh5 Nxb3 25. e5 d2 26. exf6 dxc1=Q+ 27. Kg2 Qg5+
28. Qxg5 hxg5 29. fxg7 Kxg7 30. Re1 Rd2 31. Rxd2 Nxd2 32. Re5 b6 33. Rxg5+ Kf6
34. Rg3 Nxc4 35. h4 Bxa3 36. h5 Bb2 37. h6 Kf5 38. h7 a4 39. Rg8 a3 40. h8=Q
Bxh8 41. Rxh8 b5 42. Rb8 Nd6 43. Kf3 Ke6 44. Ke3 Kd5 45. Kd3 Kc5 46. Kc3 b4+
47. Rxb4 Nb5+ 48. Kb3 Nd4+ 1/2-1/2

[Event "Dundee & Angus Open"]
[Site "?"]
[Date "2016.10.09"]
[Round "5"]
[White "Rutherford, Willie"]
[Black "IM Orr, Mark"]
[Result "0-1"]
[WhiteElo "1912"]
[BlackElo "2110"]
[PlyCount "100"]
[WhiteTeam "Scotland"]
[BlackTeam "Germany 2"]

1. d4 Nf6 2. c4 e6 3. Nc3 Bb4 4. Qc2 d5 5. Bg5 h6 6. Bh4 dxc4 7. e3 b5 8. Nf3
Bb7 9. Be2 a6 10. O-O Nbd7 11. Rad1 O-O 12. Ne5 Qc8 13. f4 c5 14. Bf3 cxd4 15.
exd4 Nd5 16. Nxd5 Bxd5 17. Bxd5 exd5 18. Rf3 f6 19. Ng4 f5 20. Ne3 Nb6 21. Rg3
Qe6 22. Qe2 Qf7 23. Nc2 Rae8 24. Re3 Rxe3 25. Qxe3 Re8 26. Qf2 Bd6 27. Bg3 Re4
28. Re1 Qe6 29. Rxe4 Qxe4 30. Ne3 Qxd4 31. Nxf5 Qd1+ 32. Qe1 Qxe1+ 33. Bxe1
Bxf4 34. Bf2 Nc8 35. Bd4 g6 36. Nh4 Kf7 37. g3 Bd6 38. Be3 Be5 39. b3 Bg7 40.
Nf3 Ne7 41. Kf1 Nc6 42. Bc5 Ke6 43. Ke2 d4 44. bxc4 bxc4 45. Kd2 Kd5 46. Ba3
Ke4 47. Ne1 Ne5 48. h4 Nf3+ 49. Nxf3 Kxf3 50. Bd6 h5 0-1

[Event "Dundee & Angus Open"]
[Site "?"]
[Date "2016.10.09"]
[Round "5"]
[White "Irving, Neil"]
[Black "Jennings, Richard"]
[Result "0-1"]
[WhiteElo "1845"]
[BlackElo "1894"]
[PlyCount "100"]
[WhiteTeam "Scotland"]
[BlackTeam "Germany 2"]

1. Nf3 d5 2. c4 e6 3. g3 Nf6 4. Bg2 d4 5. O-O Nc6 6. e3 e5 7. exd4 exd4 8. d3
Be7 9. a3 a5 10. b3 O-O 11. Bb2 h6 12. Nbd2 Be6 13. Re1 Qd7 14. Ne4 Rad8 15.
Qc2 Nh5 16. Ned2 f5 17. Ne5 Nxe5 18. Rxe5 Bf6 19. Rxa5 c6 20. Re1 Rde8 21. Qd1
g6 22. Rae5 Bxe5 23. Rxe5 Bf7 24. Nf3 Rxe5 25. Nxe5 Qd6 26. f4 Nf6 27. b4 c5
28. bxc5 Qxc5 29. Qb3 b6 30. a4 Re8 31. Ba3 Qc7 32. Qb5 Ng4 33. Nxg4 fxg4 34.
Kf2 Qd8 35. Qc6 Re6 36. Qb5 Qe8 37. Qxe8+ $11 Rxe8 38. Bb2 Rd8 39. Bc6 Be6 40.
Ke2 Rd6 41. Be4 Kf7 42. Kd2 Kf6 43. Ba3 Rd8 44. Bb2 g5 45. fxg5+ Kxg5 46. Kc2
Kf6 47. Bc1 Bd7 48. Bxh6 Bxa4+ 49. Kb2 Rh8 50. Bf4 Rxh2+ 0-1

[Event "Dundee & Angus Major"]
[Site "?"]
[Date "2016.10.07"]
[Round "1"]
[White "Emery, Keith"]
[Black "Flood, Ray"]
[Result "1-0"]
[WhiteElo "1657"]
[BlackElo "1464"]
[PlyCount "71"]
[WhiteTeam "Scotland"]
[BlackTeam "Germany 2"]

1. e4 e5 2. Nf3 Nc6 3. Bc4 Nf6 4. Ng5 d5 5. exd5 Na5 6. Bb5+ Bd7 7. Qe2 Bd6 8.
b4 c6 9. dxc6 Nxc6 10. Bxc6 Bxc6 11. O-O O-O 12. a3 e4 13. Bb2 h6 14. Nh3 Bd7
15. Bxf6 Qxf6 16. Nc3 Bxh3 17. gxh3 Qf4 18. f3 exf3 19. Rxf3 Qd4+ 20. Qf2 Qe5
21. Re1 Qg5+ 22. Qg2 Qxg2+ 23. Kxg2 Rae8 24. Rfe3 Rxe3 25. Rxe3 Bf4 26. Re2 f5
27. Nd5 Bg5 28. Ne7+ Bxe7 29. Rxe7 Rf7 30. Re8+ Rf8 31. Rxf8+ Kxf8 32. c4 Ke7
33. h4 g6 34. Kf3 Kd6 35. Kf4 a5 36. d4 1-0

[Event "Dundee & Angus Major"]
[Site "?"]
[Date "2016.10.07"]
[Round "1"]
[White "Barron-Majerik, Jan"]
[Black "Smith, Stephen H"]
[Result "0-1"]
[WhiteElo "1466"]
[BlackElo "1676"]
[PlyCount "106"]
[WhiteTeam "Scotland"]
[BlackTeam "Germany 2"]

1. d4 Nf6 2. Nf3 b6 3. c4 e6 4. Nc3 Bb4 5. Bd2 O-O 6. e3 Bb7 7. Bd3 d5 8. a3
Bd6 9. Rc1 a6 10. b4 dxc4 11. Bxc4 Nbd7 12. Bd3 e5 13. dxe5 Nxe5 14. Be2 Rc8
15. Nxe5 Bxe5 16. O-O Qe7 17. Bf3 Bxf3 18. Qxf3 Qd6 19. Nb1 Bxh2+ 20. Kh1 Be5
21. Rc6 Qe7 22. Bc3 Bxc3 23. Nxc3 Rfd8 24. Rd1 Rxd1+ 25. Qxd1 Rd8 26. Qf3 h6
27. Qg3 Rd6 28. Rxd6 Qxd6 29. Qxd6 cxd6 30. a4 Kf8 31. f4 Ke7 32. g3 Ke6 33.
Kg2 Nd5 34. b5 axb5 35. Nxb5 Nxe3+ 36. Kf3 Nc4 37. Nc7+ Kd7 38. Nd5 f5 39. g4
Ke6 40. Nc7+ Kd7 41. Nd5 fxg4+ 42. Kxg4 g6 43. Nf6+ Kc6 44. Ng8 Ne3+ 45. Kf3
Nf5 46. Ke4 d5+ 47. Kd3 Kc5 48. Nf6 d4 49. Ng4 Kb4 50. Ne5 Kxa4 51. Nxg6 b5 52.
Ne5 b4 53. Kc2 h5 0-1